Представление документа в формате MARC21

Поле Инд. ПП Название Значение
Тип записи a
Библиографический уровень a
001 Контрольный номер 10da253f92924bc5b7e06f456f67ab73
005 Дата корректировки 20240319144907.0
040 a Служба первич. каталог. НБ ТвГУ
b Код языка каталог. rus
e Правила каталог. PSBO
041 0_ a Код языка текста rus
097 b Оператор Komarova.ES
100 1_ a Автор Кульков Виктор Геннадьевич
q Полное имя Кульков В. Г.
245 10 a Заглавие Вклад границ зерен с сопрягающимися плоскостями во внутреннее трение
260 a Место издания Тверь
b Издательство Тверской государственный университет
504 a Библиография Библиогр.: с. 270-272 (30 назв.)
520 0_ a Аннотация В нанокристаллических металлах существуют границы зерен, которые под воздействием приложенных вдоль них сдвиговых напряжений движутся вдоль нормали. Такие границы совмещают два вида зернограничной деформации – взаимное проскальзывание зерен вдоль границы и ее миграцию. Такая взаимосвязь легко объясняется в модели межкристаллитных границ с сопрягающимися кристаллографическими плоскостями. Путем решения дифференциального уравнения в условиях действия переменного напряжения находится функциональная зависимость смещения границы от координаты и времени. На основе этого находится величина рассеянной за период колебаний энергии и выражение для внутреннего трения, обусловленного вкладом таких границ. Оно имеет характер пика Дебая. Энергия активации процесса равна энергии активации зернограничной самодиффузии. Предложен атомный механизм движения границы, в основе которого лежат диффузионные процессы между протяженными ступеньками атомного масштаба в границе.
653 0_ a Ключевые слова Границы зерен
a Ключевые слова Кристаллиты
a Ключевые слова Сопрягающиеся плоскости
a Ключевые слова Миграция границы
a Ключевые слова Диффузия
a Ключевые слова Вакансии
a Ключевые слова Время релаксации
773 18 w Контрольный № источника 3de2680f60bd46b1bd796c3bdd210329
t Название источника Физико-химические аспекты изучения кластеров, наноструктур и наноматериалов
d Место и дата издания Тверь : Тверской государственный университет, 2023
g Прочая информация Вып. 15. - С. 264-273
856 40 u URL http://texts.lib.tversu.ru/texts/153591t.pdf
x Примечание для ЭОР Справка РИУ 2023
x Примечание для ЭОР Реестр суммарного учета сетевых локальных документов
i Дата подключения ЭОР 20240319
901 t Тип документа a
920 a Оператор Кома
954 b Дата поступления в ОК 20240221